<?xml version="1.0" encoding="UTF-8"?>
<record
    xmlns:xsi="http://www.w3.org/2001/XMLSchema-instance"
    xsi:schemaLocation="http://www.loc.gov/MARC21/slim http://www.loc.gov/standards/marcxml/schema/MARC21slim.xsd"
    xmlns="http://www.loc.gov/MARC21/slim">

  <leader>01818cam a22004095a 4500</leader>
  <datafield tag="999" ind1=" " ind2=" ">
    <subfield code="c">12397</subfield>
    <subfield code="d">12397</subfield>
  </datafield>
  <controlfield tag="003">EG-ScBUE</controlfield>
  <controlfield tag="005">20191210105746.0</controlfield>
  <controlfield tag="006">m||||fq||d  00| 0</controlfield>
  <controlfield tag="008">090726r20092006enka   f d    000 0 mul d</controlfield>
  <datafield tag="020" ind1=" " ind2=" ">
    <subfield code="a">9780194300094</subfield>
  </datafield>
  <datafield tag="040" ind1=" " ind2=" ">
    <subfield code="a">EG-ScBUE</subfield>
    <subfield code="b">eng</subfield>
    <subfield code="e">rda</subfield>
    <subfield code="c">EG-ScBUE</subfield>
    <subfield code="d">EG-ScBUE</subfield>
  </datafield>
  <datafield tag="041" ind1="1" ind2=" ">
    <subfield code="a">eng</subfield>
    <subfield code="a">ara</subfield>
    <subfield code="h">eng</subfield>
  </datafield>
  <datafield tag="082" ind1="0" ind2="4">
    <subfield code="a">492.7321</subfield>
    <subfield code="b">OXF</subfield>
    <subfield code="2">22</subfield>
  </datafield>
  <datafield tag="245" ind1="0" ind2="0">
    <subfield code="a">Oxford wordpower dictionary = </subfield>
    <subfield code="b">&#x642;&#x627;&#x645;&#x648;&#x633; &#x623;&#x643;&#x633;&#x641;&#x648;&#x631;&#x62F; &#x627;&#x644;&#x62D;&#x62F;&#x64A;&#x62B; &#x644;&#x62F;&#x627;&#x631;&#x633;&#x64A; &#x627;&#x644;&#x644;&#x63A;&#x629; &#x627;&#x644;&#x625;&#x646;&#x643;&#x644;&#x64A;&#x632;&#x64A;&#x629; : &#x625;&#x646;&#x643;&#x644;&#x64A;&#x632;&#x64A; - &#x625;&#x646;&#x643;&#x644;&#x64A;&#x632;&#x64A; - &#x639;&#x631;&#x628;&#x64A;.</subfield>
  </datafield>
  <datafield tag="246" ind1="3" ind2=" ">
    <subfield code="a">&#x642;&#x627;&#x645;&#x648;&#x633; &#x623;&#x643;&#x633;&#x641;&#x648;&#x631;&#x62F; &#x627;&#x644;&#x62D;&#x62F;&#x64A;&#x62B; &#x644;&#x62F;&#x627;&#x631;&#x633;&#x64A; &#x627;&#x644;&#x644;&#x63A;&#x629; &#x627;&#x644;&#x625;&#x646;&#x62C;&#x644;&#x64A;&#x632;&#x64A;&#x629; :</subfield>
    <subfield code="b">&#x625;&#x646;&#x62C;&#x644;&#x64A;&#x632;&#x64A; - &#x625;&#x646;&#x62C;&#x644;&#x64A;&#x632;&#x64A; - &#x639;&#x631;&#x628;&#x64A;</subfield>
  </datafield>
  <datafield tag="246" ind1="3" ind2="1">
    <subfield code="a">&#x642;&#x627;&#x645;&#x648;&#x633; &#x623;&#x643;&#x633;&#x641;&#x648;&#x631;&#x62F; &#x627;&#x644;&#x62D;&#x62F;&#x64A;&#x62B; &#x644;&#x62F;&#x627;&#x631;&#x633;&#x64A; &#x627;&#x644;&#x644;&#x63A;&#x629; &#x627;&#x644;&#x625;&#x646;&#x643;&#x644;&#x64A;&#x632;&#x64A;&#x629; :</subfield>
    <subfield code="b">&#x625;&#x646;&#x643;&#x644;&#x64A;&#x632;&#x64A; - &#x625;&#x646;&#x643;&#x644;&#x64A;&#x632;&#x64A; - &#x639;&#x631;&#x628;&#x64A;</subfield>
  </datafield>
  <datafield tag="250" ind1=" " ind2=" ">
    <subfield code="a">Second edition.</subfield>
  </datafield>
  <datafield tag="250" ind1=" " ind2=" ">
    <subfield code="a">Reprint edition.</subfield>
  </datafield>
  <datafield tag="264" ind1=" " ind2="1">
    <subfield code="a">Oxford ;</subfield>
    <subfield code="a">New York :</subfield>
    <subfield code="b">Oxford University Press,</subfield>
    <subfield code="c">2009.</subfield>
  </datafield>
  <datafield tag="300" ind1=" " ind2=" ">
    <subfield code="a">xii, 916 pages :</subfield>
    <subfield code="b">illustrations ;</subfield>
    <subfield code="c">22 cm +</subfield>
    <subfield code="e">1 CD</subfield>
  </datafield>
  <datafield tag="336" ind1=" " ind2=" ">
    <subfield code="2">rdacontent</subfield>
    <subfield code="a">text</subfield>
    <subfield code="b">txt</subfield>
  </datafield>
  <datafield tag="336" ind1=" " ind2=" ">
    <subfield code="2">rdacontent</subfield>
    <subfield code="a">sounds</subfield>
    <subfield code="b">snd</subfield>
  </datafield>
  <datafield tag="337" ind1=" " ind2=" ">
    <subfield code="2">rdamedia</subfield>
    <subfield code="a">unmediated</subfield>
    <subfield code="b">n</subfield>
  </datafield>
  <datafield tag="337" ind1=" " ind2=" ">
    <subfield code="2">rdamedia</subfield>
    <subfield code="a">audio</subfield>
    <subfield code="b">s</subfield>
  </datafield>
  <datafield tag="338" ind1=" " ind2=" ">
    <subfield code="2">rdacarrier</subfield>
    <subfield code="a">volume</subfield>
    <subfield code="b">nc</subfield>
  </datafield>
  <datafield tag="338" ind1=" " ind2=" ">
    <subfield code="2">rdacarrier</subfield>
    <subfield code="a">computer disc</subfield>
    <subfield code="b">cd</subfield>
  </datafield>
  <datafield tag="500" ind1=" " ind2=" ">
    <subfield code="a">&#x637;&#x628;&#x639;&#x629; &#x645;&#x648;&#x633;&#x639;&#x629;.</subfield>
  </datafield>
  <datafield tag="500" ind1=" " ind2=" ">
    <subfield code="a">Includes appendices.</subfield>
  </datafield>
  <datafield tag="520" ind1=" " ind2=" ">
    <subfield code="a">A popular dictionary which combines simple English definitions with Arabic translations of all headwords, idioms and phrasal verbs. Now available with CD-ROM.</subfield>
  </datafield>
  <datafield tag="546" ind1=" " ind2=" ">
    <subfield code="a">Text in English and Arabic. </subfield>
  </datafield>
  <datafield tag="590" ind1=" " ind2=" ">
    <subfield code="a">basant emad</subfield>
  </datafield>
  <datafield tag="650" ind1=" " ind2="7">
    <subfield code="a">English language</subfield>
    <subfield code="v">dictionaries</subfield>
    <subfield code="x">Arabic.</subfield>
    <subfield code="2">BUEsh</subfield>
    <subfield code="9">13838</subfield>
  </datafield>
  <datafield tag="650" ind1=" " ind2="7">
    <subfield code="a">Arabic language</subfield>
    <subfield code="v">dictionaries</subfield>
    <subfield code="x">English</subfield>
    <subfield code="2">BUEsh</subfield>
    <subfield code="9">5758</subfield>
  </datafield>
  <datafield tag="653" ind1=" " ind2=" ">
    <subfield code="b">HHUUEENN</subfield>
    <subfield code="c">October2017</subfield>
    <subfield code="c">September2018</subfield>
  </datafield>
  <datafield tag="655" ind1=" " ind2=" ">
    <subfield code="v">Reading book</subfield>
  </datafield>
  <datafield tag="942" ind1=" " ind2=" ">
    <subfield code="2">ddc</subfield>
    <subfield code="c">REFERENCE</subfield>
  </datafield>
  <datafield tag="952" ind1=" " ind2=" ">
    <subfield code="0">0</subfield>
    <subfield code="1">0</subfield>
    <subfield code="2">ddc</subfield>
    <subfield code="4">0</subfield>
    <subfield code="7">0</subfield>
    <subfield code="a">MAIN</subfield>
    <subfield code="b">MAIN</subfield>
    <subfield code="c">0TH</subfield>
    <subfield code="d">2011-01-24</subfield>
    <subfield code="g">105.00</subfield>
    <subfield code="h">5</subfield>
    <subfield code="l">3</subfield>
    <subfield code="m">1</subfield>
    <subfield code="o">423 OXF</subfield>
    <subfield code="p">000039508</subfield>
    <subfield code="r">2025-07-15 00:00:00</subfield>
    <subfield code="s">2018-05-12</subfield>
    <subfield code="y">REFERENCE</subfield>
  </datafield>
</record>
